000
00320nam a22001337a 4500
008
170407b xxu||||| |||| 00| 0 eng d
020
_a
9781401827519
041
_a
eng
080
_2
3 ED
_a
616
100
_a
9
101
_a
SHM
245
_a
ASSESSMENT SPEECH IN LANGUAGE PATHOLOGY
_c
SHIPLEY.K.G
942
_2
udc
_c
BK
999
_c
10215
_d
10215